00509nam a2200193 a 4500001001300000003000900013005001700022008004100039020001300080082001600093100002100109245004000130260003300170300000900203500003500212505001000247650003700257700002100294nice12345678IN_TiNIC20260116013537.0050524s1954 n.ya grp 000 0 eng  ac120.0500a954.03bWOO aWoodruff, Philip aMen Who Ruled Indiab the Guardians aN.YorkbSchocken Booksc1954 a385p aincludes index and biblioraphy2 aIndex aIndia-History British Occupation1 aWoodruff, Philip